Implementing the Agricultural Act of 2014 : Commodity Policy and Crop Insurance.

Bibliographic Details
Corporate Author: United States. Congress. House. Committee on Agriculture. Subcommittee on General Farm Commodities and Risk Management
Format: Government Document eBook
Language:English
Published: Bethesda, Md. : ProQuest, 2015.
Subjects:
Online Access:Electronic resource (PDF)

MARC

Tag First Indicator Second Indicator Subfields
LEADER 00000cam a22000001a 4500
001 in00004152811
005 20200117100506.0
006 m d f
007 cr bn mmmapmmp
008 151120s2015 mdu o f000 0 eng d
035 |a chdc20150910 
040 |a UMI  |c UMI  |d UtOrBLW 
043 |a n-us--- 
086 0 |a Y 4.AG 8/1:114-9 
110 1 |a United States.  |b Congress.  |b House.  |b Committee on Agriculture.  |b Subcommittee on General Farm Commodities and Risk Management.  |0 http://id.loc.gov/authorities/names/no2002045341 
245 1 0 |a Implementing the Agricultural Act of 2014 :  |b Commodity Policy and Crop Insurance. 
264 1 |a Bethesda, Md. :  |b ProQuest,  |c 2015. 
300 |a 39 pages, digital, PDF file. 
336 |a text  |b txt  |2 rdacontent 
337 |a computer  |b c  |2 rdamedia 
338 |a online resource  |b cr  |2 rdacarrier 
500 |a Record is based on bibliographic data in ProQuest U.S. Congressional Hearings Digital Collection. Reuse except for individual research requires license from ProQuest, LLC. 
500 |a Electronic resource. 
533 |a Electronic reproduction.  |b [Bethesda, Md.] :  |c ProQuest,  |d 2015.  |e digital, PDF file.  |n ProQuest Congressional Hearings Digital Collection.  |n Mode of access: World Wide Web via ProQuest website. 
538 |a System requirements: PDF reader software. 
650 0 |a Agriculture and state  |z United States.  |0 http://id.loc.gov/authorities/subjects/sh85002491 
650 0 |a Farm produce  |x Government policy  |z United States. 
650 0 |a Crop insurance  |x Government policy  |z United States. 
776 0 8 |i Microfiche version:   |a United States. Congress. House. Committee on Agriculture. Subcommittee on General Farm Commodities and Risk Management.  |t Implementing the Agricultural Act of 2014  |o CIS 2015 H161-19  |w cis20152790 
856 4 0 |u http://proxy.library.tamu.edu/login?url=http://search.proquest.com/congcomp/getdoc?HEARING-ID=HRG-2015-HAG-0017  |y Electronic resource (PDF)  |z CIS 2015-H161-19  |t 0 
998 |a cis20152790 
999 f f |s d9cb66cb-ed05-380b-b839-cbe4f7a4619a  |i 6c2e5665-bc97-3809-a3d2-641bcc7b4cf1  |t 0 
952 f f |a Texas A&M University  |b College Station  |c Electronic Resources  |d Available Online  |t 0  |e Y 4.AG 8/1:114-9  |h Superintendent of Documents classification 
998 f f |a Y 4.AG 8/1:114-9  |t 0  |l Available Online